Lý thuyết và các ứng dụng của kỹ thuật OFDM Theory and applications of the OFDM technique

Giới thiệu về kỹ thuật điều chế OFDM. Lý thuyết về sự điều chế đơn sóng mang và đa sóng mang, nguyên tắc điều chế đa sóng mang trực giao OFDM. Lý thuyết điều chế OFDM. Nguyên tắc chèn chuỗi bảo vệ trong hệ thống OFDM để tránh nhiễu liên...

Descripción completa

Guardado en:
Detalles Bibliográficos
Autor principal: Nguyễn, Văn Đức
Formato: Libro
Lenguaje:Undetermined
Publicado: H. Khoa học và kỹ thuật 2017
Materias:
Acceso en línea:http://lrc.tdmu.edu.vn/opac/search/detail.asp?aID=2&ID=33211
Etiquetas: Agregar Etiqueta
Sin Etiquetas, Sea el primero en etiquetar este registro!
Thư viện lưu trữ: Trung tâm Học liệu Trường Đại học Thủ Dầu Một
LEADER 01275nam a2200217Ia 4500
001 TDMU_33211
008 210410s9999 xx 000 0 und d
082 |a 646.7 
090 |b NG527 
100 |a Nguyễn, Văn Đức 
245 0 |a Lý thuyết và các ứng dụng của kỹ thuật OFDM 
245 0 |b Theory and applications of the OFDM technique 
245 0 |c Nguyễn Văn Đức 
260 |a H. 
260 |b Khoa học và kỹ thuật 
260 |c 2017 
300 |a 174tr 
520 |a Giới thiệu về kỹ thuật điều chế OFDM. Lý thuyết về sự điều chế đơn sóng mang và đa sóng mang, nguyên tắc điều chế đa sóng mang trực giao OFDM. Lý thuyết điều chế OFDM. Nguyên tắc chèn chuỗi bảo vệ trong hệ thống OFDM để tránh nhiễu liên tín hiệu gây ra bởi hiệu ứng phân tập đa đường trong tin vô tuyến... ; TM tài liệu tham khảo tr. 169 - 174 
650 |a Kĩ thuật truyền thông  |x Công nghệ OFDM  
856 |u http://lrc.tdmu.edu.vn/opac/search/detail.asp?aID=2&ID=33211 
980 |a Trung tâm Học liệu Trường Đại học Thủ Dầu Một